000 00438nam a22001337a 4500
003 SGT
020 _a9788194428039
082 _a301.2
_bM20K
100 _aकोठरी, गुलाब
245 _aमेरा राजस्थान : लोकजीवन की बानगी
260 _bइंदिरा गाँधी राष्ट्रीय कला केंद्र
_c2020
300 _a297
942 _2ddc
_cBK
999 _c31926
_d31926